[Event "Asuncion Club Centenario op"]
[Site "Asuncion"]
[Date "2011.10.15"]
[Round "7.6"]
[White "Alderete, Jazmin"]
[Black "Almiron, Francisco"]
[Result "1-0"]
[WhiteElo "1562"]
[BlackElo "1498"]
[PlyCount "63"]
[EventDate "2011.09.29"]
[EventType "swiss"]
[EventRounds "7"]
[EventCountry "PAR"]
[SourceTitle "EXT 2023"]
[Source "ChessBase"]
[SourceDate "2022.10.05"]
[SourceVersion "1"]
[SourceVersionDate "2022.10.05"]
[SourceQuality "1"]

1. d4 d5 2. Nf3 Nf6 3. Bg5 Nbd7 4. e3 e6 5. Bd3 c5 6. c3 a6 7. a4 b6 8. Nbd2 Be7 9. 0-0 Bb7 10. Ne5 h6 11. Bh4 0-0 12. f4 cxd4 13. exd4 Rc8 14. Qe2 Nb8 15. Rae1 Rc7 16. Bg3 Qc8 17. f5 Bd6 18. Ng4 Bxg3 19. Nxf6+ gxf6 20. Qg4+ Kh8 21. Qxg3 Rg8 22. Qh4 Qf8 23. Qxf6+ Qg7 24. Qxg7+ Rxg7 25. fxe6 Bc6 26. exf7 Rcxf7 27. Rxf7 Rxf7 28. Re6 Bxa4 29. Rxh6+ Kg8 30. Rxb6 Nd7 31. Rxa6 Bd1 32. Re6 1-0

[Event "Asuncion Club Centenario op"]
[Site "Asuncion"]
[Date "2011.10.02"]
[Round "4.6"]
[White "Alderete, Jazmin"]
[Black "Salinas, Victor"]
[Result "0-1"]
[WhiteElo "1562"]
[BlackElo "1661"]
[PlyCount "99"]
[EventDate "2011.09.29"]
[EventType "swiss"]
[EventRounds "7"]
[EventCountry "PAR"]
[SourceTitle "EXT 2023"]
[Source "ChessBase"]
[SourceDate "2022.10.05"]
[SourceVersion "1"]
[SourceVersionDate "2022.10.05"]
[SourceQuality "1"]

1. d4 Nf6 2. Nf3 d6 3. Bg5 e6 4. e3 Be7 5. Bd3 c5 6. c3 Qb6 7. Qb3 Qxb3 8. axb3 cxd4 9. exd4 Bd7 10. 0-0 Bc6 11. Nbd2 0-0 12. b4 a6 13. Rfe1 Nd5 14. b5 Bxg5 15. Nxg5 Bd7 16. Bxh7+ Kh8 17. Bd3 Nf4 18. Bf1 d5 19. Re3 f6 20. Ngf3 Re8 21. Nb3 Bc8 22. Nc5 Nd7 23. Nxd7 Bxd7 24. bxa6 bxa6 25. g3 Ng6 26. Rxa6 Rxa6 27. Bxa6 Ra8 28. Bd3 Ne7 29. Nh4 g5 30. Ng6+ Nxg6 31. Bxg6 Kg7 32. Bf5 Kf7 33. Bd3 Ke7 34. Re2 Kd6 35. b3 e5 36. dxe5+ fxe5 37. f3 Ra3 38. Rb2 Bc6 39. Kf2 Ra1 40. Ke3 Re1+ 41. Re2 Rc1 42. Bc2 Rf1 43. Rf2 d4+ 44. cxd4 exd4+ 45. Ke2 Bb5+ 46. Bd3 Bxd3+ 47. Kxd3 Rxf2 48. Kxd4 Rxf3 49. Kc4 Kc6 50. Kb4 0-1

[Event "Asuncion Club Centenario op"]
[Site "Asuncion"]
[Date "2011.09.29"]
[Round "1.3"]
[White "Rubiani, Oscar"]
[Black "Alderete, Jazmin"]
[Result "1-0"]
[WhiteElo "1823"]
[BlackElo "1562"]
[PlyCount "66"]
[EventDate "2011.09.29"]
[EventType "swiss"]
[EventRounds "7"]
[EventCountry "PAR"]
[SourceTitle "EXT 2023"]
[Source "ChessBase"]
[SourceDate "2022.10.05"]
[SourceVersion "1"]
[SourceVersionDate "2022.10.05"]
[SourceQuality "1"]

1. e4 c5 2. Nf3 e6 3. d4 cxd4 4. Nxd4 a6 5. Nc3 Qc7 6. a4 Nf6 7. Bd3 Be7 8. 0-0 0-0 9. Be3 Nc6 10. Nxc6 dxc6 11. a5 c5 12. Na4 Bd7 13. Nb6 Rad8 14. Qe2 Bc6 15. Bg5 Rfe8 16. f4 Nd7 17. Bxe7 Rxe7 18. Nc4 e5 19. Ne3 exf4 20. Nf5 Re6 21. Qg4 g6 22. Nh6+ Kg7 23. Rxf4 Rf8 24. Raf1 Ne5 25. Qh3 g5 26. Nf5+ Kg8 27. R4f2 c4 28. Nh6+ Kg7 29. Nf5+ Kg8 30. Be2 Qd7 31. Qe3 f6 32. h4 Nf7 33. Bxc4 Rxe4 1-0

[Event "Asuncion Prieto Memorial op"]
[Site "Asuncion"]
[Date "2011.01.08"]
[Round "3"]
[White "Florentin, Damaso"]
[Black "Alderete, Jazmin"]
[Result "0-1"]
[WhiteElo "1775"]
[BlackElo "1565"]
[PlyCount "104"]
[EventDate "2011.01.06"]
[EventType "swiss"]
[EventRounds "9"]
[EventCountry "PAR"]
[SourceTitle "EXT 2012"]
[Source "ChessBase"]
[SourceDate "2011.11.24"]
[SourceVersion "1"]
[SourceVersionDate "2011.11.24"]
[SourceQuality "1"]

1. d4 d5 2. Nf3 Nf6 3. Bf4 Bf5 4. c3 e6 5. e3 Be7 6. Qb3 b6 7. Ne5 0-0 8. Nd2 Nfd7 9. Ndf3 f6 10. Nd3 c5 11. Qd1 Nc6 12. Nh4 Be4 13. Bg3 e5 14. Nc1 h6 15. Nf3 c4 16. Nd2 Bh7 17. Qa4 Rc8 18. b4 Re8 19. Be2 Bd6 20. 0-0 Bb8 21. Bh5 Rf8 22. Qb5 Ne7 23. Bf3 e4 24. Bg4 f5 25. Bh5 Nf6 26. Bd1 Bg6 27. Qa6 Nh7 28. Ne2 Bh5 29. Bxb8 Rxb8 30. Nf4 Bxd1 31. Ne6 Qd7 32. Nxf8 Rxf8 33. Rfxd1 Rf6 34. b5 Rg6 35. Kh1 Nf6 36. h3 Rg5 37. Nf1 Nh5 38. Qa4 Ng6 39. Nd2 Nh4 40. Rg1 f4 41. exf4 Nxf4 42. g4 h5 43. Rg3 Ne2 44. Rag1 Nxg1 45. Kxg1 hxg4 46. Qd1 Nf3+ 47. Nxf3 exf3 48. Qd2 Qf5 49. Qe3 Rh5 50. Qe1 Rxh3 51. Qf1 Rh4 52. Qe1 Qh5 0-1

[Event "Asuncion Prieto Memorial op"]
[Site "Asuncion"]
[Date "2011.01.06"]
[Round "1"]
[White "Alderete, Jazmin"]
[Black "Lipiniks, Leonardo"]
[Result "0-1"]
[WhiteElo "1565"]
[BlackElo "1863"]
[PlyCount "38"]
[EventDate "2011.01.06"]
[EventType "swiss"]
[EventRounds "9"]
[EventCountry "PAR"]
[SourceTitle "EXT 2012"]
[Source "ChessBase"]
[SourceDate "2011.11.24"]
[SourceVersion "1"]
[SourceVersionDate "2011.11.24"]
[SourceQuality "1"]

1. d4 d5 2. Nf3 Nf6 3. e3 c5 4. c3 e6 5. Bd3 Be7 6. 0-0 0-0 7. Nbd2 b6 8. Qe2 Bb7 9. dxc5 bxc5 10. e4 dxe4 11. Nxe4 Nbd7 12. Bf4 Nd5 13. Bg3 f5 14. Nd6 Bxd6 15. Bxd6 Rf6 16. Ne5 Nf4 17. Qd2 Nxe5 18. Bxe5 Rg6 19. f3 Rxg2+ 0-1

[Event "Olympiad Women-39"]
[Site "Khanty-Mansiysk"]
[Date "2010.10.03"]
[Round "11.39"]
[White "Alderete, Jazmin"]
[Black "Roos, Ezet"]
[Result "1-0"]
[WhiteElo "1568"]
[BlackElo "1817"]
[PlyCount "187"]
[EventDate "2010.09.21"]
[EventType "team-swiss"]
[EventRounds "11"]
[EventCountry "RUS"]
[SourceTitle "CBM 139"]
[Source "ChessBase"]
[SourceDate "2010.11.18"]
[SourceVersion "1"]
[SourceVersionDate "2010.11.18"]
[SourceQuality "1"]
[WhiteTeam "Paraguay (W)"]
[BlackTeam "South Africa (W)"]
[WhiteTeamCountry "PAR"]
[BlackTeamCountry "RSA"]

1. d4 e6 2. Nf3 d5 3. e3 Nf6 4. Bd3 Be7 5. 0-0 0-0 6. Nbd2 Nbd7 7. e4 dxe4 8. Nxe4 Nxe4 9. Bxe4 Nf6 10. Bd3 b6 11. Bf4 Bb7 12. c3 c5 13. dxc5 Bxc5 14. Qe2 Qe7 15. Rad1 Rfd8 16. Bc2 h6 17. Nd2 Nd5 18. Bg3 f5 19. Be5 Bd6 20. Rfe1 Nf4 21. Bxf4 Bxf4 22. Bxf5 Qg5 23. Bxe6+ Kh8 24. Nf3 Qh5 25. h3 Re8 26. Nd4 Qg6 27. Qg4 Qf6 28. Qf5 Qh4 29. Bd5 Rf8 30. Qd7 Bc8 31. Qe7 Qxe7 32. Rxe7 Rb8 33. Ne6 Bxe6 34. Bxe6 a5 35. Rdd7 Rbd8 36. Rxg7 Rxd7 37. Rxd7 Re8 38. Bc4 Re1+ 39. Bf1 Rb1 40. g3 Be5 41. Rd2 Kg7 42. Kg2 Kf7 43. f4 Bf6 44. Bd3 Re1 45. Bc4+ Ke7 46. Re2+ Rxe2+ 47. Bxe2 Kd6 48. Kf3 Kd5 49. Ke3 Bg7 50. g4 Bf6 51. Kd3 Bh4 52. Bf3+ Kd6 53. Ke4 Ke6 54. Be2 Be7 55. Bc4+ Kf6 56. Kd5 Bc5 57. a3 Be3 58. Kc6 Bc1 59. Kxb6 Bxb2 60. Kxa5 Bxa3 61. Bd5 Bc1 62. f5 Bd2 63. Kb4 Ke5 64. Kc4 Be1 65. Be6 Bf2 66. Kb5 Kd6 67. Kc4 Ke5 68. Kd3 Bh4 69. Ke3 Be7 70. Kf3 Bh4 71. c4 Kd4 72. Kf4 Bf6 73. Kg3 Kc5 74. h4 Kd4 75. g5 hxg5 76. hxg5 Bxg5 77. Kg4 Be7 78. Kh5 Ke5 79. Kg6 Bd8 80. c5 Kd4 81. c6 Ke5 82. Kf7 Kd6 83. Bd7 Bh4 84. f6 Kc7 85. Kg6 Kd8 86. f7 Be7 87. Kg7 Kc7 88. f8Q Bxf8+ 89. Kxf8 Kd8 90. Kf7 Kc7 91. Ke7 Kb6 92. Kd8 Ka7 93. c7 Kb6 94. c8Q 1-0

[Event "Olympiad Women-39"]
[Site "Khanty-Mansiysk"]
[Date "2010.09.27"]
[Round "6.31"]
[White "Figueroa, Julissa"]
[Black "Alderete, Jazmin"]
[Result "1-0"]
[WhiteElo "1792"]
[BlackElo "1568"]
[PlyCount "63"]
[EventDate "2010.09.21"]
[EventType "team-swiss"]
[EventRounds "11"]
[EventCountry "RUS"]
[SourceTitle "CBM 139"]
[Source "ChessBase"]
[SourceDate "2010.11.18"]
[SourceVersion "1"]
[SourceVersionDate "2010.11.18"]
[SourceQuality "1"]
[WhiteTeam "Guatemala (W)"]
[BlackTeam "Paraguay (W)"]
[WhiteTeamCountry "GUA"]
[BlackTeamCountry "PAR"]

1. e4 c5 2. Nf3 e6 3. d4 cxd4 4. Nxd4 a6 5. Nc3 Qc7 6. Be2 Bb4 7. 0-0 Bxc3 8. bxc3 Qxc3 9. Rb1 Qc7 10. Ba3 Ne7 11. f4 d6 12. f5 0-0 13. fxe6 fxe6 14. Rxf8+ Kxf8 15. Bg4 Kg8 16. Nxe6 Bxe6 17. Bxe6+ Kh8 18. Bxd6 Qd8 19. Rxb7 Nbc6 20. Rd7 Qe8 21. Bxe7 Nxe7 22. Qd6 Ng6 23. Qd4 Ne7 24. Qe5 Qf8 25. Qd6 Rb8 26. Bb3 Re8 27. Qe6 Ng6 28. Qf5 Qb4 29. Rd1 Rf8 30. Qd5 Qb6+ 31. Qd4 Nh4 32. Qxb6 1-0

[Event "Olympiad Women-39"]
[Site "Khanty-Mansiysk"]
[Date "2010.09.21"]
[Round "1.26"]
[White "Saric, Kristina"]
[Black "Alderete, Jazmin"]
[Result "1-0"]
[WhiteElo "2225"]
[BlackElo "1568"]
[PlyCount "79"]
[EventDate "2010.09.21"]
[EventType "team-swiss"]
[EventRounds "11"]
[EventCountry "RUS"]
[SourceTitle "CBM 139"]
[Source "ChessBase"]
[SourceDate "2010.11.18"]
[SourceVersion "1"]
[SourceVersionDate "2010.11.18"]
[SourceQuality "1"]
[WhiteTeam "Croatia (W)"]
[BlackTeam "Paraguay (W)"]
[WhiteTeamCountry "CRO"]
[BlackTeamCountry "PAR"]

1. e4 e5 2. Nf3 d6 3. d4 exd4 4. Nxd4 Nf6 5. Nc3 Be7 6. g3 0-0 7. Bg2 a6 8. 0-0 c5 9. Nde2 Nc6 10. Nf4 Re8 11. Ncd5 Bf8 12. Nxf6+ Qxf6 13. Nd5 Qd8 14. Be3 Be6 15. a4 b6 16. f4 Bxd5 17. Qxd5 Qc7 18. Rad1 Rad8 19. Qc4 a5 20. Bf2 Nb8 21. g4 Qc8 22. h3 Qa6 23. Qb3 Nd7 24. Bh4 c4 25. Qc3 f6 26. Rfe1 Be7 27. Bf1 Kh8 28. Bxc4 Qb7 29. Bd5 Qa7 30. Qd4 Rc8 31. c3 Nc5 32. Ra1 Qd7 33. f5 Qc7 34. Kg2 Bf8 35. Bf2 Nd7 36. Red1 Ne5 37. Qxb6 Nc4 38. Qxc7 Rxc7 39. b3 Nb6 40. Bxb6 1-0

[Event "South America-ch U20 Girls 7th"]
[Site "Asuncion"]
[Date "2010.05.12"]
[Round "2.7"]
[White "De Leon, Patricia O"]
[Black "Alderete, Jazmin"]
[Result "1-0"]
[WhiteElo "1750"]
[BlackElo "1535"]
[PlyCount "69"]
[EventDate "2010.05.11"]
[EventType "swiss"]
[EventRounds "9"]
[EventCountry "PAR"]
[SourceTitle "EXT 2022"]
[Source "ChessBase"]
[SourceDate "2021.10.06"]
[SourceVersion "1"]
[SourceVersionDate "2021.10.06"]
[SourceQuality "1"]

1. d4 d5 2. c4 e6 3. Nc3 Nf6 4. Bg5 Be7 5. e3 0-0 6. Nf3 Nbd7 7. cxd5 exd5 8. Bd3 c6 9. 0-0 Re8 10. Qc2 g6 11. Rab1 Nf8 12. b4 a6 13. Na4 Ne6 14. Bh4 Ng7 15. Nc5 Qc7 16. Bg3 Bd6 17. Bxd6 Qxd6 18. Rfc1 Rb8 19. a4 Bf5 20. Bxf5 Nxf5 21. b5 axb5 22. axb5 Ne7 23. bxc6 bxc6 24. Ne5 Rxb1 25. Rxb1 Rb8 26. Rc1 Rb6 27. h3 Kg7 28. Qc3 Ne4 29. Nxe4 dxe4 30. Nc4 Nd5 31. Nxd6 Nxc3 32. Rxc3 Rb1+ 33. Kh2 f5 34. Rxc6 Rb2 35. Kg3 1-0

[Event "Asuncion Preclasificatorio Mayor"]
[Site "Asuncion"]
[Date "2010.04.21"]
[Round "4"]
[White "Alderete, Jazmin"]
[Black "Benitez, Jose Rodolfo"]
[Result "1/2-1/2"]
[WhiteElo "1535"]
[BlackElo "1830"]
[PlyCount "66"]
[EventDate "2010.04.05"]
[EventType "swiss"]
[EventRounds "9"]
[EventCountry "PAR"]
[SourceTitle "EXT 2023"]
[Source "ChessBase"]
[SourceDate "2022.10.05"]
[SourceVersion "1"]
[SourceVersionDate "2022.10.05"]
[SourceQuality "1"]

1. d4 Nf6 2. Nf3 e6 3. e3 d5 4. Bd3 Bd6 5. 0-0 0-0 6. Nbd2 c5 7. c3 Nc6 8. Qe2 a6 9. e4 dxe4 10. Nxe4 Nxe4 11. Qxe4 f5 12. Qe2 b5 13. dxc5 Bxc5 14. Bf4 Qf6 15. Rad1 Bb7 16. Bc2 Rf7 17. Rfe1 Re8 18. Bb3 Bc8 19. Bd6 Bb6 20. Bf4 h6 21. Rd6 Bc7 22. Rxc6 Bxf4 23. Rxc8 Rxc8 24. Bxe6 Rcf8 25. Bxf7+ Qxf7 26. Qe6 Qxe6 27. Rxe6 Rd8 28. Kf1 Rd1+ 29. Ke2 Rb1 30. Rxa6 Rxb2+ 31. Kf1 Rb1+ 32. Ke2 Rb2+ 33. Kf1 Rb1+ 1/2-1/2

[Event "Carlos Duria Memorial 4th"]
[Site "Asuncion"]
[Date "2010.01.25"]
[Round "7"]
[White "Alderete, Jazmin"]
[Black "Torres, Francisco"]
[Result "0-1"]
[WhiteElo "1477"]
[BlackElo "1785"]
[PlyCount "55"]
[EventDate "2010.01.20"]
[EventType "swiss"]
[EventRounds "9"]
[EventCountry "PAR"]
[SourceTitle "EXT 2023"]
[Source "ChessBase"]
[SourceDate "2022.10.05"]
[SourceVersion "1"]
[SourceVersionDate "2022.10.05"]
[SourceQuality "1"]

1. d4 Nf6 2. Nf3 g6 3. Bf4 d5 4. h3 Bg7 5. e3 0-0 6. Bd3 Nc6 7. 0-0 Nb4 8. Nc3 Nxd3 9. cxd3 c6 10. Re1 Re8 11. Bh2 Nd7 12. Ne5 f6 13. Nf3 e5 14. dxe5 fxe5 15. e4 d4 16. Na4 b5 17. Qc2 bxa4 18. Qxc6 Nb6 19. Qc5 Qe7 20. Qc2 Ba6 21. Bg3 Qb4 22. Rab1 Rac8 23. Qd1 Qb5 24. Ng5 h6 25. Nf3 Qxd3 26. Nd2 Rc2 27. Nf3 Qxd1 28. Rexd1 0-1

[Event "Asuncion-C 2nd"]
[Site "Asuncion"]
[Date "2009.07.05"]
[Round "7"]
[White "Moreno, Micaela"]
[Black "Alderete, Jazmin"]
[Result "1/2-1/2"]
[WhiteElo "1554"]
[BlackElo "1435"]
[PlyCount "64"]
[EventDate "2009.06.28"]
[EventType "swiss"]
[EventRounds "9"]
[EventCountry "PAR"]
[SourceTitle "CBM 131 Extra"]
[Source "ChessBase"]
[SourceDate "2009.09.03"]
[SourceVersion "2"]
[SourceVersionDate "2009.09.16"]
[SourceQuality "1"]

1. e4 e5 2. Nf3 d6 3. Bc4 Be7 4. Nc3 Nf6 5. d3 0-0 6. 0-0 Nc6 7. Be3 Be6 8. Bb3 d5 9. exd5 Nxd5 10. Nxd5 Bxd5 11. Bxd5 Qxd5 12. Qe2 Rfe8 13. Rfe1 Nd4 14. Bxd4 exd4 15. Qe5 Qxe5 16. Rxe5 Bf6 17. Rd5 Rad8 18. Rxd8 Rxd8 19. Re1 Kf8 20. Kf1 Re8 21. Rxe8+ Kxe8 22. Ke2 Ke7 23. Nd2 c5 24. Ne4 b6 25. Kf3 g6 26. Kf4 h6 27. g3 Ke6 28. Nxf6 Kxf6 29. Ke4 Ke6 30. f4 f5+ 31. Kf3 Kd5 32. g4 Ke6 1/2-1/2

[Event "Asuncion-C 2nd"]
[Site "Asuncion"]
[Date "2009.07.02"]
[Round "5"]
[White "Benitez, Jose Rodolfo"]
[Black "Alderete, Jazmin"]
[Result "1-0"]
[WhiteElo "1839"]
[BlackElo "1435"]
[PlyCount "83"]
[EventDate "2009.06.28"]
[EventType "swiss"]
[EventRounds "9"]
[EventCountry "PAR"]
[SourceTitle "CBM 131 Extra"]
[Source "ChessBase"]
[SourceDate "2009.09.03"]
[SourceVersion "2"]
[SourceVersionDate "2009.09.16"]
[SourceQuality "1"]

1. e4 e5 2. Nf3 d6 3. d4 exd4 4. c3 dxc3 5. Nxc3 Nc6 6. Bc4 Nf6 7. Qb3 Qe7 8. Ng5 Ne5 9. 0-0 Nxc4 10. Qxc4 g6 11. Nd5 Nxd5 12. exd5 Bg7 13. Bd2 0-0 14. Rfe1 Qd8 15. Re2 Bd7 16. Rae1 h6 17. Ne4 a6 18. Qc1 Kh7 19. Bc3 Bf5 20. Bxg7 Kxg7 21. Qc3+ f6 22. Ng3 Bd7 23. Re7+ Rf7 24. Qe3 Rxe7 25. Qxe7+ Kg8 26. Qe3 Qe8 27. Qc1 Qf8 28. Qxc7 Re8 29. Rxe8 Bxe8 30. Qxb7 Bb5 31. a4 Bc4 32. Qc6 Bd3 33. Qc3 Bb1 34. Qe3 Ba2 35. Qe6+ Kg7 36. Ne4 Bb3 37. Nxd6 Bxa4 38. f4 Kh8 39. Nf7+ Kg7 40. Nd6 Kh8 41. Kf2 Qd8 42. Nf7+ 1-0

[Event "Olympiad Women-38"]
[Site "Dresden"]
[Date "2008.11.20"]
[Round "7"]
[White "Alderete, Jazmin"]
[Black "Jorgensen, Line Jin"]
[Result "0-1"]
[WhiteElo "1524"]
[BlackElo "1946"]
[PlyCount "32"]
[EventDate "2008.11.13"]
[EventType "team-swiss"]
[EventRounds "11"]
[EventCountry "GER"]
[SourceTitle "CBM 128"]
[Source "ChessBase"]
[SourceDate "2009.01.28"]
[SourceVersion "1"]
[SourceVersionDate "2009.01.28"]
[SourceQuality "1"]
[WhiteTeam "Paraguay (W)"]
[BlackTeam "Norway (W)"]
[WhiteTeamCountry "PAR"]
[BlackTeamCountry "NOR"]

1. d4 d5 2. Nf3 Nf6 3. Bf4 e6 4. e3 c5 5. c3 Nc6 6. Bd3 Be7 7. h3 0-0 8. 0-0 h6 9. Nbd2 Nd7 10. Ne5 Ndxe5 11. dxe5 f5 12. Bg3 Qc7 13. f4 c4 14. Bc2 Qb6 15. Bf2 Qxb2 16. Nb1 Qxa1 0-1

[Event "Olympiad Women-38"]
[Site "Dresden"]
[Date "2008.11.19"]
[Round "6"]
[White "Pertlova, Sona"]
[Black "Alderete, Jazmin"]
[Result "1-0"]
[WhiteElo "2239"]
[BlackElo "1524"]
[PlyCount "69"]
[EventDate "2008.11.13"]
[EventType "team-swiss"]
[EventRounds "11"]
[EventCountry "GER"]
[SourceTitle "CBM 128"]
[Source "ChessBase"]
[SourceDate "2009.01.28"]
[SourceVersion "1"]
[SourceVersionDate "2009.01.28"]
[SourceQuality "1"]
[WhiteTeam "Czech Republic (W)"]
[BlackTeam "Paraguay (W)"]
[WhiteTeamCountry "CZE"]
[BlackTeamCountry "PAR"]

1. d4 d5 2. c4 Nf6 3. Nf3 e6 4. g3 Be7 5. Bg2 0-0 6. 0-0 c5 7. cxd5 exd5 8. Nc3 Nc6 9. Bg5 c4 10. Ne5 h6 11. Bxf6 Bxf6 12. Bxd5 Nxe5 13. dxe5 Bxe5 14. Bxc4 Bxc3 15. Qxd8 Rxd8 16. bxc3 Bh3 17. Rfd1 Rxd1+ 18. Rxd1 Rc8 19. Bd5 Rxc3 20. Bxb7 Rc2 21. Be4 Rc8 22. f3 Be6 23. a4 Kf8 24. a5 Bc4 25. Kf2 Rc5 26. Rc1 Rc8 27. Bb7 Rb8 28. a6 Bb5 29. Rc5 Bd7 30. Rc7 Bb5 31. Bd5 Bxa6 32. Rxf7+ Ke8 33. Rxa7 Bc8 34. Rxg7 Rb6 35. Be4 1-0